Quizzes
Events
Quiz Creation
Community
Videos
Private Events
Remove Ads
Sign In
Join for FREE
Feedback
Dark Mode
Quiz Categories
Sports
Geography
Music
Movies
Television
Just For Fun
Miscellaneous
History
Literature
Language
Science
Gaming
Entertainment
Religion
Holiday
For Kids
Quiz Lab
Recent
Popular Today
Quiz Kudos Today
Editor Picks
Curator Picks
Quizzes by...
Day
Popularity
Type
Ratings
Length
Year
Community
Subscriptions
Recent Discussions
Orange Saloon
Badges
Playlists
Quests
Create
Leaderboards
Showdown
Live 5
Trivia Bingo
Activity
Puzzle Library
Sporcle Events
Private Events
Virtual Trivia
Globe League
Become a Host
Pub Owners
SporcleCon
Opinionation
Our Games
Videos
Blog
Mobile Apps
Partnerships
Remove Ads and Go Orange
Feedback
Language
Vocabulary
Begins and Ends
Definition
Spanish
French
German
Italian
Chinese
Latin
Translation
Japanese
Language
Vocabulary
Begins and Ends
Definition
Spanish
French
German
Italian
Chinese
Latin
Translation
Japanese
Random Quiz
Search Sporcle
×
Quiz Lab
Quiz Lab
Language
Chinese
Type in answers that appear in a list
Type in answers that appear in a list
Classic
Best Score? Go Orange.
Chinese Words Stats
Can you name the Chinese Words In English?
By
twilightfansarah
15m
25 Questions
120 Plays
120 Plays
120 Plays
Comments
Comments
Give Quiz Kudos
Give Quiz Kudos
-
- Ratings
hide this ad
Replay
Link that replays current quiz
Next Quiz
Link to next quiz in quiz playlist
You Got
0%
They Got
Avg Score
53%
Avg Friend Score
Upgrade to see
Score Distribution
Jump to the score distribution portion of the page
Score
0/25
Timer
15:00
0
Plays Today
Chinese
English
% Correct
Nǐ hǎo
Hello
100%
Xièxiè
Thank you
96.7%
Mèimei
Sister
79.2%
Dìdì
Brother
78.3%
Bà
Dad
73.3%
Māo
Cat
71.7%
Nǐ zěnme yàng?
How are you?
70.8%
Gǒu
Dog
69.2%
Érzi
Son
66.7%
Nǚ'ér
Daughter
65.8%
Nǐ jiào shénme míngzì?
What's your name?
58.3%
Nǐ duōdàle?
How old are you?
54.2%
Māmā
Mum
49.2%
Chinese
English
% Correct
Qīzi
Wife
45.8%
Zhàngfū
Husband
45%
Shūshu
Uncle
45%
Yímā
Aunt
41.7%
Sūnzi
Grandson
38.3%
Sūnnǚ
Granddaughter
37.5%
Biǎomèi
Cousin
37.5%
Zhínǚ
Niece
30.8%
Wàishēng
Nephew
30.8%
Chǒngwù
Pet
27.5%
Zǔfùmǔ
Grandparents
23.3%
Wǒ hěn hǎo, xièxiè
I'm fine, thanks
11.7%
Quiz Playlist
Details
Report
Send in Message
Add To Playlist
Classic:
Type in answers that appear in a list
Last Updated: Feb 16, 2017
Quiz Scoreboard
CHALLENGE
Sign Up to Join the Scoreboard
Show All
Scores
Hide
Comments
May contain spoilers
Recently Published
1-10 Letter E Words III
by El_Dandy
Language
2m
One Thing in Common: World Cities II
by knightlancer
Geography
7m
Popular People in 1961
by mucciniale
History
6m
More to Explore
Quiz From the Vault
Featured Blog Post
Where Did the Easter Bunny Come From?
hide this ad
You Might Also Like...
Tags
Chinese Quiz
Nintendo Quiz
English
hard
In English
luck
Today's Top Quizzes in Language
Browse Language
hide this ad
Today's Top Quizzes in Chinese
Browse Chinese
Top Contributed Quizzes in Language
1
Order Up: Top 10 Most Native Spoken Languages
2
1-10 Letter F Words III
3
1-10 Letter G Words III
4
One Thing in Common: Italy
5
1-10 Letter H Words III
6
1-10 Letter I Words III
7
Hiragana Speed Reading
8
Begins and Ends With AN
9
Vocabulary 5
10
1-10 Letter J Words III
Explore More
Trending Topics
Disney
Kpop
Anime
Harry Potter
Marvel
Crossword
NBA
Country
Puzzle
NFL
Song
Pokémon
Soccer
WWE
The Office
hide this ad
More By:
twilightfansarah
Quiz
Plays
Rating
Category
Featured
Created
Ultimate Twilight Quiz!!
504
2.50
Just For Fun
Aug 9, 2012
Twilight Name Chain
364
1.00
Just For Fun
Aug 10, 2012
Finish the Twilight Lines (movie)
362
2.00
Just For Fun
Oct 21, 2012
Minecraft Animals
275
2.00
Just For Fun
Apr 5, 2013
Labyrinth Quiz
167
Just For Fun
Aug 9, 2012
Go to Creator's Profile
Score Distribution
Quiz Creator Spotlight
twilightfansarah
Follow
Send a Message
Quizzes Created
-
Created Quiz Play Count
-
More By This Creator
Popular Quizzes Today
1
Find the US States - No Outlines Minefield
2
Find the Countries of Europe - No Outlines Minefield
3
The Countries of the World
4
Popular People in 1961
5
1-10 Letter E Words III
6
Find the US States
7
One Thing in Common: World Cities II
8
US States
More Language Quizzes
Unusually Common: Beatles
Editor's Pick
Trending Quizzes
Risky Map Clicking: Least Populous States A-Z
1-10 Letter F Words
1-10 Letter G Words
One Thing in Common: United Kingdom
Risky Map Clicking: Next State Alphabetically
Recently Updated
Leaping Animals
pecheneg
Reality TV Shows (A-Z)
bhenderson79
Rickey Henderson's Hall of Fame Teammates
pecheneg
Champions League XIs: Arsenal
pecheneg
Quick Pick: Celebrities in WWE's Hall of Fame
aduchscher
A-Z Keypad Blitz II
pecheneg
Multiple Oscar Actors
pecheneg
Mystery Phrase Blitz: Oscar 'Best Actors'
pecheneg
F. Scott Fitzgerald Novels
LTH
Pick 3 Villains
ddd62291
Trending Topics
NBA
Kpop
Disney
Crossword
Harry Potter
Anime
Marvel
NFL
Country
Soccer
Puzzle
Song
The Office
WWE
Pokémon
Your Account Isn't Verified!
In order to create a playlist on Sporcle, you need to verify the email address you used during registration. Go to your
Sporcle Settings
to finish the process.
Report this User
Report this user for behavior that violates our
Community Guidelines
.
Details:
Send Report
Go to the Sporcle.com Mobile Site →
Comments